000 00638nam a22002057a 4500
003 OSt
005 20260414034938.0
008 260414b |||||||| |||| 00| 0 eng d
020 _a0-13-269549-9.
040 _aDWC-Main lib
_cOC
082 _25th edition
_aCirc. 616.89 N677 1998
100 _aNietzel, Michael T.
245 _aIntroduction to clinical psychology
_cMichael T. Nietzel
260 _aN. J. :
_bPrentice-Hall,
_cc1998.
300 _ax, 646 pages :
_billustration ;
_c24 cm.
650 _a1. Clinical psychology.
700 _aMilich, Richard
700 _aBernstein, Douglas A.
942 _2ddc
_cBK-CIRC
_e5th ed.
_kCirc.
_n0
999 _c9389
_d9389